| 000 | 00587nam a22002057a 4500 | ||
|---|---|---|---|
| 003 | OSt | ||
| 005 | 20240529163109.0 | ||
| 008 | 210907b ||||| |||| 00| 0 eng d | ||
| 020 | _a9780521857208 | ||
| 040 | _cDDC | ||
| 082 | _a530.12 BOK 2008 | ||
| 100 |
_aBokulich, Alisa _916993 |
||
| 245 | _aRe-examining the Quantum-Classical Relation: beyond reductionism and pluralism | ||
| 260 | _aCambridghe University Press, 2008 | ||
| 300 |
_ax,195p; _bill _c25cm |
||
| 504 | _aReferences & index included | ||
| 650 |
_aQuantum _9797 |
||
| 650 |
_aClassical _916994 |
||
| 942 |
_2ddc _cO_SHELF |
||
| 999 |
_c7143 _d7143 |
||